000 00679nam a2200241 i 4500
001 C2-0200115
003 PPAK
005 20180728100440.0
008 990202s1995 enka|||| ||||| | eng d
020 _a0273612506
040 _aPPAK
_beng
_cPPAK
_erda
082 0 4 _a658.4012
_2 23
090 0 0 _a658.4012
_bROS
_dG
100 1 _aRosen, Ronald,
_eauthor
245 1 0 _aStrategic management :
_ban introduction
264 1 _aLondon :
_bPitman Publishing ,
_c1995
300 _aviii, 197 pages :
_billustrations ;
_c25 cm
336 _2rdacontent
_atext
337 _2rdamedia
_aunmediated
338 _2rdacarrier
_avolume
650 1 0 _aStrategic planning
942 _ddc
_cB
999 _c156825
_d156825